Loading...
| Mythology | 0 | 6 | 0 | 1 | 60 | 72 | 84.33 | 0 | 2 | 0.00 | 0.00 |
| History - Other | 0 | 5 | 0 | 0 | 50 | 42 | 63.00 | 0 | 5 | 0.00 | 0.00 |
| Religion | 0 | 4 | 0 | 1 | 40 | 65 | 75.00 | 0 | 1 | 0.00 | 0.00 |
| Science - Physics | 0 | 4 | 0 | 0 | 40 | 31 | 41.00 | 2 | 4 | 0.00 | 0.00 |
| Science - Biology | 0 | 3 | 0 | 0 | 30 | 49 | 65.00 | 0 | 2 | 0.00 | 0.00 |
| Literature - American | 0 | 3 | 0 | 0 | 30 | 26 | 82.33 | 0 | 1 | 0.00 | 0.00 |
| Science - Other | 0 | 3 | 1 | 1 | 25 | 49 | 71.00 | 1 | 1 | 0.00 | 0.00 |
| History - American | 0 | 2 | 0 | 1 | 20 | 74 | 90.50 | 0 | 1 | 0.00 | 0.00 |
| Literature - European | 0 | 2 | 0 | 0 | 20 | 91 | 95.00 | 0 | 0 | 0.00 | 0.00 |
| History - European | 0 | 2 | 0 | 0 | 20 | 29 | 37.50 | 0 | 0 | 0.00 | 0.00 |
| Social Science | 0 | 1 | 0 | 0 | 10 | 50 | 50.00 | 0 | 1 | 0.00 | 0.00 |
| Fine Arts - Painting and Sculpture | 0 | 1 | 0 | 0 | 10 | 89 | 89.00 | 0 | 0 | 0.00 | 0.00 |
| History - World | 0 | 1 | 0 | 0 | 10 | 27 | 27.00 | 0 | 1 | 0.00 | 0.00 |
| Current Events | 0 | 1 | 0 | 0 | 10 | 48 | 48.00 | 1 | 1 | 0.00 | 0.00 |
| Science - Chemistry | 0 | 1 | 2 | 0 | 0 | 39 | 39.00 | 0 | 1 | 0.00 | 0.00 |
| Fine Arts - Other | 0 | 0 | 1 | 0 | -5 | 0.00 | 0 | 0 | 0.00 | 0.00 |